000 00364nam a2200157Ia 4500
008 230711s9999||||xx |||||||||||||| ||und||
041 _aENG
082 _a624
_bLA-D
100 _aLack gwendolyan
245 2 _aA dictionery of ancient non-east
250 _a1st
260 _c1988
_aNew York
_bThomas Telford
300 _a261
650 _aLiterature
942 _cBK
999 _c778
_d778